You First - Paramore - Statistics

General Stats
  • This quiz has been taken 16 times
  • The average score is 162 of 329
Answer Stats
Hint Answer % Correct
a
88%
I
88%
bad
75%
energy
75%
feeding
75%
guy
75%
is
75%
it
75%
just
75%
Pre-Chorus Just
75%
keep
75%
like
75%
livin'
75%
no
75%
stray
75%
the
75%
way
75%
who
75%
you
75%
animal
63%
back
63%
coming
63%
Chorus Everyone
63%
in
63%
keeps
63%
know
63%
Verse 1 Living
63%
living
63%
me
63%
my
63%
not
63%
of
63%
scraps
63%
well
63%
who's
63%
worst
63%
and
50%
do
50%
from
50%
give
50%
kind
50%
on
50%
revenge
50%
should
50%
take
50%
there's
50%
are
38%
as
38%
can
38%
film
38%
final
38%
first
38%
girl
38%
horror
38%
invited
38%
older
38%
priviledge
38%
so
38%
to
38%
bet
25%
both
25%
can't
25%
devil
25%
down
25%
got
25%
I'm
25%
killer
25%
Bridge Never
25%
never
25%
oh
25%
out
25%
petty
25%
regret
25%
said
25%
shake
25%
she
25%
shoulder
25%
turns
25%
wasn't
25%
where
25%
all
13%
better
13%
come
13%
comes
13%
depends
13%
fist
13%
for
13%
gonna
13%
guess
13%
hope
13%
I'd
13%
it's
13%
karma's
13%
pleasure
13%
really
13%
reckoning
13%
second
13%
simmer
13%
sitting
13%
thought
13%
us
13%
appetite's
0%
biggest
0%
but
0%
'cause
0%
defeat
0%
don't
0%
fedding
0%
gotta
0%
I'll
0%
let
0%
one's
0%
revel
0%
see
0%
wait
0%
when
0%
Verse 2 Which
0%
which
0%
wins
0%
wolf
0%
your
0%
you're
0%
No matching quizzes found
Score Distribution
Percent of People with Each Score
Percentile by Number Answered
Your Score History
You have not taken this quiz